Die teuersten Fußballtransfers nach Position - Statistiken

Allgemein
  • Dieses Quiz wurde 199 mal gespielt
  • Das Durchschnittsergebnis liegt bei 11 aus 13
Antwortstatistiken
Position Ablöse (M €) Saison Nationalität Abgebender Verein Aufnehmender Verein Spieler % Korrekt
Mittelstürmer 180,00 2018-2019 Frankreich AS Monaco Paris SG Kylian Mbappé
98%
Rechter Verteidiger 68,00 2021-2022 Marokko Inter Mailand Borussia Dortmund Achraf Hakimi
96%
Linksaußen 222,00 2017-2018 Brasilien FC Barcelona Paris SG Neymar
96%
Rechtsaußen 135,00 2017-2018 Frankreich Borussia Dortmund FC Barcelona Ousmane Dembélé
96%
Defensive Mittelfeldspieler 116,60 2023-2024 England West Ham United FC Arsenal Declan Rice
90%
Linker Verteidiger 90,00 2023-2024 Kroatien RB Leipzig Manchester City Josko Gvardiol
90%
Torwart 80,00 2018-2019 Spanien Athletic FC Chelsea Kepa Arrizabalaga
90%
Innenverteidiger 87,00 2019-2020 England Leicester City Manchester United Harry Maguire
87%
Offensive Mittelfeldspieler 135,00 2017-2018 Brasilien FC Liverpool FC Barcelona Philippe Coutinho
84%
Zentrale Mittelfeldspieler 121,00 2022-2023 Argentinien Benfica FC Chelsea Enzo Fernández
81%
Hängende Spitze 41,00 2015-2016 Argentinien US Palermo Juventus Turin Paulo Dybala
77%
Linke Mittelfeldspieler 45,00 2001-2002 Tschechische Republik Lazio Rom Juventus Turin Pavel Nedved
74%
Rechte Mittelfeldspieler 48,00 2001-2002 Spanien FC Valencia Lazio Rom Gaizka Mendieta
13%
Keine übereinstimmenden Quizze gefunden
Verteilung der Resultate
Anzahl Personen mit jedem Resultat
Perzentil nach korrekt beantworteten Fragen
Ihre Resultats-Entwicklung
Sie haben dieses Quiz noch nicht gespielt